000 00916nam a2200253Ia 4500
003 OSt
005 20220923225233.0
006 a|||||r|||| 00| 0
007 ta
008 220922b |||||||| |||| 00| 0 hin d
024 _a260,947
037 _cTextual
040 _aARTS
_cARTS
_bhin
041 _2hin
_ahin
082 _aO152,1(Q22):g, K9
100 _aप्रेमस्वरूप
_9156945
245 0 _aहिन्दी वैष्णव साहित्य में रस परिकल्पना
246 _aHindī vaiṣhṇav sāhitya mean ras parikalpanā
260 _aदिल्ली
_b नेशनल पब्लिशिंग हाउस
_c1969
300 _a440पृ.
_ccm.
650 _aहिन्दी साहित्य
_9156264
942 _hO152,1(Q22):g, K9
_cTEXL
_2CC
999 _c376915
_d376915